000 00920nam a2200241Ia 4500
001 1342
003 GE_BSU
008 181216s||||||||xx |||||||||||||| ||und||
020 _a9789941412783
040 _cGE_BSU
080 _a37.01(09)
100 _aბიბილეიშვილი,იური
245 _aპედაგოგიკის თეორიისა და ისტორიის საკითხები.
245 _cრედ. ბარამიძე,ნოდარ
260 _aბათუმი
260 _bშოთა რუსთაველის სახ.უნივერსიტეტი
260 _c2011
300 _a516 გვ. 20 სმ.
541 _h25ლ.
653 _aპედაგოგიკა
653 _aპედაგოგიკის თეორიისა და ისტორიის საკითხები.
942 _cBK
999 _c35483
_d35483